000 00315nam a22001337a 4500
020 _a81-7224-462-2
082 _a823
_bLAM/M
100 _aLAMB, G F
245 _aMAGIC MAGIC
_bFOR ALL THE FAMILY
260 _aMUMBAI
_bJAICO PUBLISHING HOUSE
_c2004
300 _a124
650 _aENGLISH FICTION
_zINDIA
942 _cBK
999 _c8008
_d8008